| 000 | 00390nam a22001337a 4500 | ||
|---|---|---|---|
| 020 | _a9781484220467 | ||
| 040 | _cNUST | ||
| 082 | _a004 GIL | ||
| 100 |
_aGilchrist, Alasdair _998799 |
||
| 245 |
_aIndustry 4.0: _bThe Industrial Internet of Things |
||
| 260 |
_aNew York: _bApress, _c2016. |
||
| 650 |
_aThe Industrial Internet of Things: Industry 4.0.NUSTTB2022 _9102841 |
||
| 942 |
_2ddc _cBK |
||
| 999 |
_c591365 _d591365 |
||